[Event "4NCL 3 South pool A"]
[Site "Daventry, ENG"]
[Date "2019.04.13"]
[Round "7.26"]
[White "Rabbitt, Michael"]
[Black "Denning, Julie L"]
[Result "1-0"]
[WhiteElo "1985"]
[BlackElo "1638"]
[PlyCount "55"]
[EventDate "2019.04.13"]
[WhiteTeam "Check Innmates 1"]
[BlackTeam "CSC 2"]

1. e4 c5 2. Nf3 d6 3. d4 cxd4 4. Nxd4 Nf6 5. f3 a6 6. c4 e5 7. Nc2 Be6 8. Nc3
Be7 9. Be2 Nbd7 10. O-O Nb6 11. b3 O-O 12. Be3 Rc8 13. Qe1 Qc7 14. Rc1 Nfd7 15.
Nb4 f5 16. exf5 Rxf5 17. Qf2 Qd8 18. Bd3 Rf7 19. Rfd1 Bg5 20. Bxg5 Qxg5 21. Ne4
Qe7 22. Nxd6 Rcf8 23. Nxf7 Qxf7 24. Be4 a5 25. Nd5 Nc8 26. Qh4 h6 27. Qg3 Nd6
28. Bg6 1-0

[Event "4NCL 3 South pool A"]
[Site "Daventry, ENG"]
[Date "2019.04.13"]
[Round "7.31"]
[White "Moloney, Nicholas R"]
[Black "Tippleston, Charles E"]
[Result "1-0"]
[WhiteElo "2157"]
[BlackElo "2086"]
[PlyCount "111"]
[EventDate "2019.04.13"]
[WhiteTeam "Fermented Sharks"]
[BlackTeam "MK Phoenix 1"]

1. d4 Nf6 2. c4 e6 3. Nc3 Bb4 4. e3 O-O 5. Nge2 d5 6. a3 Bd6 7. cxd5 exd5 8. g3
c6 9. Bg2 Re8 10. O-O Ne4 11. f3 Nxc3 12. Nxc3 Na6 13. e4 Nc7 14. e5 Bf8 15. f4
f5 16. Be3 a5 17. Na4 g6 18. Nb6 Ra6 19. Nxc8 Qxc8 20. Rc1 Qd7 21. Bf3 Ne6 22.
Rc2 Ng7 23. Rg2 Kh8 24. h3 Raa8 25. Rff2 Be7 26. g4 Rf8 27. Kh1 Qe8 28. Rh2 Kg8
29. Rfg2 Kf7 30. Qb3 Qd7 31. Qd1 Ke8 32. h4 fxg4 33. Bxg4 Nf5 34. h5 Kd8 35.
Qd3 Qe8 36. hxg6 hxg6 37. Bxf5 Rxf5 38. Rh6 Kc7 39. Rgxg6 Qf7 40. e6 Qf8 41.
Rh7 Re8 42. Bd2 Kb8 43. Qg3 Kc8 44. Qg4 Rf6 45. Rgg7 Kb8 46. Kg2 Ka7 47. Rf7
Rxf7 48. exf7 Rd8 49. Bxa5 Rd6 50. Qg8 Rf6 51. Bc7 Bd6 52. Qxf8 Bxf8 53. Be5
Re6 54. Rh8 Rg6+ 55. Kf3 Be7 56. Re8 1-0

[Event "4NCL 3 South pool A"]
[Site "Daventry, ENG"]
[Date "2019.04.13"]
[Round "7.32"]
[White "Habershon, Paul F"]
[Black "Farkas, Daniel"]
[Result "1-0"]
[WhiteElo "2015"]
[BlackElo "2091"]
[PlyCount "93"]
[EventDate "2019.04.13"]
[WhiteTeam "MK Phoenix 1"]
[BlackTeam "Fermented Sharks"]

1. e4 c6 2. d4 d5 3. exd5 cxd5 4. Bd3 Nc6 5. c3 Qc7 6. Ne2 Bg4 7. f3 Bd7 8. Bf4
e5 9. dxe5 Nxe5 10. Bc2 Bd6 11. O-O Ne7 12. Nd2 O-O 13. Nb3 Rad8 14. Nbd4 Rfe8
15. Bxe5 Bxe5 16. f4 Bd6 17. Qd3 Ng6 18. Rae1 Bg4 19. g3 a6 20. Kg2 Qd7 21. Kh1
Bh3 22. Rg1 Qg4 23. Nf3 Qh5 24. Ned4 Bg4 25. Rxe8+ Rxe8 26. Re1 Rd8 27. Bd1 Bc5
28. Ng1 Bxd1 29. Rxd1 Ne7 30. Re1 Qg6 31. Qxg6 hxg6 32. Ngf3 Kf8 33. Kg2 Nf5
34. Nxf5 gxf5 35. Re5 g6 36. c4 Rc8 37. Rxd5 b5 38. Ne5 Bb4 39. c5 Rc7 40. Nd3
Bd2 41. Kf3 Re7 42. Ne5 Bc1 43. Nd7+ Ke8 44. Nf6+ Kf8 45. Rd8+ Kg7 46. Ne8+ Kf8
47. c6 1-0

[Event "4NCL 3 South pool A"]
[Site "Daventry, ENG"]
[Date "2019.04.13"]
[Round "7.33"]
[White "Voyiakis, Emmanuel"]
[Black "Brown, Alan M"]
[Result "1-0"]
[WhiteElo "2022"]
[BlackElo "2040"]
[PlyCount "73"]
[EventDate "2019.04.13"]
[WhiteTeam "Fermented Sharks"]
[BlackTeam "MK Phoenix 1"]

1. e4 e5 2. Nf3 Nc6 3. g3 Nf6 4. d3 Bc5 5. Bg2 d6 6. O-O h6 7. c3 O-O 8. b4 Bb6
9. a4 a6 10. a5 Ba7 11. Nbd2 Be6 12. Re1 Qd7 13. Nc4 Rfe8 14. Be3 Bxe3 15. Rxe3
Nh7 16. Rb1 Qd8 17. Re2 Ng5 18. Nxg5 Qxg5 19. Ne3 Rab8 20. d4 Ne7 21. h4 Qf6
22. d5 Bd7 23. c4 Ng6 24. Reb2 Ra8 25. Qd2 Reb8 26. b5 Qd8 27. Qb4 Bc8 28. b6
Nf8 29. c5 cxb6 30. cxb6 Qe7 31. Nc4 Bg4 32. Qxd6 Re8 33. Qxe7 Rxe7 34. Ne3 Bd7
35. Rc1 Rb8 36. Rc7 Ree8 37. Nc4 1-0

[Event "4NCL 3 South pool A"]
[Site "Daventry, ENG"]
[Date "2019.04.13"]
[Round "7.34"]
[White "Smith, Graham"]
[Black "Okhai, Shabir"]
[Result "0-1"]
[WhiteElo "2021"]
[BlackElo "2073"]
[PlyCount "36"]
[EventDate "2019.04.13"]
[WhiteTeam "MK Phoenix 1"]
[BlackTeam "Fermented Sharks"]

1. Nf3 Nf6 2. c4 e6 3. g3 d5 4. Bg2 Be7 5. O-O O-O 6. d4 b6 7. Nc3 Bb7 8. Ne5
Nbd7 9. Qa4 c6 10. Nxc6 Bxc6 11. Qxc6 Rc8 12. Qa4 Rxc4 13. Qxa7 Rxd4 14. Qa6
Rc4 15. Bd2 Nc5 16. Qb5 Ne8 17. b3 Nd6 18. Qc6 Nxb3 0-1

[Event "4NCL 3 South pool A"]
[Site "Daventry, ENG"]
[Date "2019.04.13"]
[Round "7.35"]
[White "George, Matthew P"]
[Black "Lambourne, Dan M"]
[Result "1/2-1/2"]
[WhiteElo "2000"]
[BlackElo "1976"]
[PlyCount "127"]
[EventDate "2019.04.13"]
[WhiteTeam "Fermented Sharks"]
[BlackTeam "MK Phoenix 1"]

1. Nf3 Nf6 2. e3 d5 3. c4 e6 4. Nc3 c6 5. b3 Nbd7 6. Qc2 b6 7. Bb2 Bb7 8. Be2
Be7 9. g4 h6 10. Rg1 dxc4 11. bxc4 g6 12. g5 hxg5 13. Nxg5 Nf8 14. Bd3 Rg8 15.
h4 Qd7 16. Nce4 Nxe4 17. Bxe4 f5 18. Bf3 Bxg5 19. Rxg5 Nh7 20. Rg3 g5 21. Bh5+
Ke7 22. hxg5 Nxg5 23. d3 Nh7 24. O-O-O Rxg3 25. fxg3 Rg8 26. Be5 Nf6 27. Rh1 c5
28. e4 Nxh5 29. Rxh5 Ke8 30. exf5 exf5 31. Bf4 Bf3 32. Rh6 Qd4 33. Kb1 Qg1+ 34.
Kb2 Qg2 35. Rh7 Qxc2+ 36. Kxc2 Rg6 37. Rxa7 Kd8 38. Rf7 Bg4 39. Kb3 Ke8 40. Rb7
Bd1+ 41. Kc3 Re6 42. d4 cxd4+ 43. Kxd4 Bf3 44. Ra7 Re4+ 45. Kc3 Be2 46. Rc7 Kd8
47. Rc6 Kd7 48. Rd6+ Ke7 49. Rd4 Re6 50. Rd5 Rc6 51. Re5+ Re6 52. Rxf5 Bg4 53.
Rg5 Bf3 54. Kb4 Kd7 55. Rg7+ Kc8 56. Rc7+ Kd8 57. Rh7 Kc8 58. a3 Re1 59. Kb5
Rb1+ 60. Ka6 Rb3 61. Bd6 Be2 62. Rc7+ Kd8 63. Rc6 b5 64. Bb4 1/2-1/2

[Event "4NCL 3 South pool A"]
[Site "Daventry, ENG"]
[Date "2019.04.13"]
[Round "7.36"]
[White "Kendall, Paul S N"]
[Black "Dydak, Mateusz"]
[Result "1/2-1/2"]
[WhiteElo "1957"]
[BlackElo "1875"]
[PlyCount "39"]
[EventDate "2019.04.13"]
[WhiteTeam "MK Phoenix 1"]
[BlackTeam "Fermented Sharks"]

1. e4 e6 2. d4 d5 3. Nd2 dxe4 4. Nxe4 Nd7 5. Nf3 Ngf6 6. Nxf6+ Nxf6 7. Bd3 c5
8. O-O cxd4 9. Nxd4 Be7 10. c3 O-O 11. Re1 a6 12. Bg5 Qc7 13. Qf3 Qc5 14. h4 h6
15. b4 Qd5 16. Be4 Qd8 17. Bxf6 Bxf6 18. Rad1 Qc7 19. h5 Rb8 20. Bb1 1/2-1/2

[Event "4NCL 3 South pool A"]
[Site "Daventry, ENG"]
[Date "2019.04.13"]
[Round "7.41"]
[White "Hall, John"]
[Black "Lee, Richard W Y"]
[Result "0-1"]
[WhiteElo "2207"]
[BlackElo "2130"]
[PlyCount "68"]
[EventDate "2019.04.13"]
[WhiteTeam "Leeds University Old Boys"]
[BlackTeam "Cambridge University 2"]

1. e4 e6 2. d4 d5 3. Nc3 dxe4 4. Nxe4 Bd7 5. Nf3 Bc6 6. Bd3 Nd7 7. c3 Ngf6 8.
Nxf6+ Nxf6 9. O-O Be7 10. Ne5 Qd5 11. Nxc6 Qxc6 12. Be2 O-O 13. Bf3 Qb6 14. Qe2
c6 15. Be3 Nd5 16. Bd2 Bf6 17. Rab1 Rad8 18. Rfe1 Rd7 19. Be4 Rfd8 20. Qh5 g6
21. Qf3 Bg7 22. Bg5 Re8 23. Qh3 Qa5 24. a3 Nf6 25. Qh4 Nxe4 26. Rxe4 Rd5 27.
Bf4 $11 g5 28. b4 Qd8 29. Qg3 gxf4 30. Rxf4 Rg5 31. Qf3 Re7 32. h4 Rd5 33. Rg4
f5 34. Rg5 Kh8 0-1

[Event "4NCL 3 South pool A"]
[Site "Daventry, ENG"]
[Date "2019.04.13"]
[Round "7.42"]
[White "Walker, Nicholas P"]
[Black "Pickard, Charles"]
[Result "1-0"]
[WhiteElo "2125"]
[BlackElo "2155"]
[PlyCount "74"]
[EventDate "2019.04.13"]
[WhiteTeam "Cambridge University 2"]
[BlackTeam "Leeds University Old Boys"]

1. e4 c5 2. Nf3 e6 3. Nc3 Nc6 4. d4 cxd4 5. Nxd4 Nf6 6. Nxc6 bxc6 7. e5 Nd5 8.
Ne4 Qc7 9. f4 Qb6 10. c4 Bb4+ 11. Ke2 Ba6 12. Kf3 f5 13. exf6 Nxf6 14. Be3 c5
15. Nxf6+ gxf6 16. Kf2 d5 17. Qh5+ Ke7 18. cxd5 exd5 19. Bxa6 d4 20. Bc4 dxe3+
21. Kxe3 Bd2+ 22. Kf3 Qd6 23. Qf7+ Kd8 24. g3 Rb8 25. b3 Bc3 26. Rad1 Bd4 27.
Rhe1 Rf8 28. Qxh7 Qc6+ 29. Qe4 Qxe4+ 30. Rxe4 a5 31. h4 a4 32. h5 axb3 33. axb3
Rh8 34. Rh1 Ra8 35. Re6 Ra2 36. g4 Kd7 37. Ke4 Rc2 {Black lost on time.} 1-0

[Event "4NCL 3 South pool A"]
[Site "Daventry, ENG"]
[Date "2019.04.13"]
[Round "7.43"]
[White "Mossong, Hubert"]
[Black "Spencer, Carl J"]
[Result "1/2-1/2"]
[WhiteElo "2066"]
[BlackElo "2123"]
[PlyCount "56"]
[EventDate "2019.04.13"]
[WhiteTeam "Leeds University Old Boys"]
[BlackTeam "Cambridge University 2"]

1. e4 e6 2. d3 d5 3. Nd2 c5 4. Ngf3 Nc6 5. g3 Bd6 6. Bg2 Nge7 7. O-O O-O 8. Re1
f6 9. c3 Bd7 10. d4 Qb6 11. dxc5 Bxc5 12. Qe2 Ne5 13. Nxe5 fxe5 14. Rf1 Bb5 15.
c4 dxc4 16. Nxc4 Rxf2 17. Rxf2 Bxc4 18. Qxc4 Bxf2+ 19. Kh1 Rc8 20. Qe2 Bd4 21.
Bg5 Ng6 22. Bh3 Nf8 23. Rf1 Qc6 24. Qf3 Qe8 25. b3 Rc7 26. Qxf8+ Qxf8 27. Bxe6+
Rf7 28. Rxf7 Qxf7 1/2-1/2

[Event "4NCL 3 South pool A"]
[Site "Daventry, ENG"]
[Date "2019.04.13"]
[Round "7.44"]
[White "Starley, Robert"]
[Black "Birkin, Mark H"]
[Result "1-0"]
[WhiteElo "2045"]
[BlackElo "1969"]
[PlyCount "133"]
[EventDate "2019.04.13"]
[WhiteTeam "Cambridge University 2"]
[BlackTeam "Leeds University Old Boys"]

1. e4 e6 2. d4 d5 3. Nc3 Nf6 4. Bg5 Bb4 5. e5 h6 6. Bd2 Bxc3 7. bxc3 Ne4 8. Qg4
g6 9. Bd3 Nxd2 10. Kxd2 c5 11. h4 Nc6 12. Nf3 Qa5 13. Qf4 cxd4 14. Nxd4 Nxd4
15. Qxd4 b6 16. Rhb1 Bd7 17. a4 Rc8 18. Rb4 Qc5 19. a5 bxa5 20. Qxc5 Rxc5 21.
Rb8+ Rc8 22. Rxc8+ Bxc8 23. Rxa5 a6 24. Bxa6 Bxa6 25. Rxa6 O-O 26. Ra4 Rd8 27.
f4 g5 28. fxg5 hxg5 29. Rg4 f6 30. exf6 Kf7 31. hxg5 Kg6 32. Rg3 e5 33. Ke3 Rc8
34. Kf2 e4 35. Ke2 Rc7 36. Kd2 Rc8 37. Rg4 Kf5 38. g6 Kxf6 39. g7 Rg8 40. Ke3
Kf5 41. Rg3 Ke5 42. Rg5+ Kf6 43. Kf4 e3 44. Rf5+ Ke6 45. Re5+ Kf6 46. Rxe3 Rxg7
47. g4 Rc7 48. g5+ Kg6 49. Rg3 Rd7 50. Re3 Rf7+ 51. Ke5 Rf5+ 52. Kd4 Rxg5 53.
Re5 Rg2 54. Kxd5 Kf6 55. Re4 Rd2+ 56. Kc5 Rxc2 57. c4 Kf5 58. Re8 Rc1 59. Kd5
Rd1+ 60. Kc6 Rc1 61. c5 Rd1 62. Kc7 Rd2 63. c6 Rd1 64. Kc8 Rd2 65. c7 Rc2 66.
Kd7 Rd2+ 67. Ke7 1-0

[Event "4NCL 3 South pool A"]
[Site "Daventry, ENG"]
[Date "2019.04.13"]
[Round "7.45"]
[White "Taylor, Mark V"]
[Black "Gooding, Ian"]
[Result "1-0"]
[WhiteElo "1911"]
[BlackElo "1993"]
[PlyCount "95"]
[EventDate "2019.04.13"]
[WhiteTeam "Leeds University Old Boys"]
[BlackTeam "Cambridge University 2"]

1. d4 d5 2. c4 c6 3. Nf3 Nf6 4. Nc3 dxc4 5. a4 Bf5 6. Ne5 e6 7. Nxc4 Bb4 8. Bg5
h6 9. Bh4 Qd5 10. Qb3 Na6 11. Bxf6 gxf6 12. e3 O-O 13. Nd2 Qxb3 14. Nxb3 Nc7
15. Nd2 Rfd8 16. O-O-O a6 17. Na2 Be7 18. g4 Bh7 19. Bg2 Nd5 20. Be4 b5 21.
Bxh7+ Kxh7 22. a5 c5 23. dxc5 Bxc5 24. Nb3 Bd6 25. Kb1 Rac8 26. h3 Kg6 27. Rd2
Nb4 28. Rxd6 Rxd6 29. Nxb4 f5 30. Nd4 fxg4 31. hxg4 Rc4 32. Nd3 Ra4 33. Nc5 Rc4
34. Nd3 Ra4 35. Ne5+ Kg7 36. f4 Rd5 37. Nef3 Rc4 38. g5 hxg5 39. Nxg5 Rd7 40.
Ne4 Rd5 41. Ng5 Rd7 42. Ndxe6+ Kf6 43. Nd4 Kg6 44. Ndf3 Re7 45. e4 Re8 46. f5+
Kg7 47. Rh7+ Kg8 48. f6 1-0

[Event "4NCL 3 South pool A"]
[Site "Daventry, ENG"]
[Date "2019.04.13"]
[Round "7.46"]
[White "Webster, Peter A N"]
[Black "Hickman, John E"]
[Result "0-1"]
[WhiteElo "1887"]
[BlackElo "1900"]
[PlyCount "107"]
[EventDate "2019.04.13"]
[WhiteTeam "Cambridge University 2"]
[BlackTeam "Leeds University Old Boys"]

1. e4 d6 2. d4 Nf6 3. Nc3 c6 4. Nf3 g6 5. a4 Bg7 6. h3 O-O 7. Be3 Qc7 8. Bc4
Nxe4 9. Nxe4 d5 10. Bd3 dxe4 11. Bxe4 Nd7 12. c3 e5 13. Bc2 Re8 14. O-O e4 15.
Ng5 Nf6 16. Qb1 Bf5 17. g4 Bxg4 18. hxg4 Nxg4 19. Re1 Qh2+ 20. Kf1 Nxe3+ 21.
fxe3 Qh1+ 22. Ke2 Qg2+ 23. Kd1 Qxg5 24. Kd2 f5 25. Qa2+ Kh8 26. Rg1 Qf6 27.
Raf1 Rad8 28. Qc4 Qe6 29. Qb4 Qe7 30. Qc4 c5 31. Rh1 cxd4 32. exd4 Qg5+ 33. Kd1
Bh6 34. Rxh6 Qxh6 35. Bb3 Qh5+ 36. Kc1 e3 37. d5 Re4 38. Qc7 Qg5 39. Kb1 Qe7
40. Qh2 e2 41. Re1 Qe5 42. Qf2 Re3 43. Qh4 Qe4+ 44. Qxe4 Rxe4 45. Kc2 Kg7 46.
Kd2 Rde8 47. Bc2 R4e5 48. c4 f4 49. Bd3 f3 50. d6 Rd8 51. c5 Rxc5 52. Ke3 Rxd6
53. Kxf3 Rxd3+ 54. Kxe2 0-1

[Event "4NCL 3 South pool B"]
[Site "Daventry, ENG"]
[Date "2018.11.17"]
[Round "1.51"]
[White "Rosen, Daniel B"]
[Black "McKenna, Jason P"]
[Result "0-1"]
[WhiteElo "2092"]
[BlackElo "2072"]
[PlyCount "112"]
[EventDate "2018.11.17"]

1. e4 g6 2. d4 Bg7 3. Nc3 d6 4. Be3 Nf6 5. f3 c6 6. Qd2 b5 7. a4 b4 8. Nd1 a5
9. Bd3 Qc7 10. Ne2 Nbd7 11. O-O c5 12. b3 O-O 13. Nb2 Nb6 14. Rac1 Nfd7 15. c3
bxc3 16. Rxc3 Qa7 17. Rcc1 cxd4 18. Nxd4 Nd5 19. exd5 Bxd4 20. Rfe1 Nf6 21. Bc4
Bxe3+ 22. Qxe3 Re8 23. Qxa7 Rxa7 24. Bb5 Bd7 25. Bxd7 Nxd7 26. Nc4 Kf8 27. Rc2
Rb8 28. Rc3 Nc5 29. Ree3 Rb4 30. Kf2 Nxb3 31. Nxd6 exd6 32. Rxb3 Rxa4 33. Rb8+
Kg7 34. Rd8 Ra2+ 35. Kg3 a4 36. Rxd6 a3 37. Rc6 Rd2 38. Rc1 a2 39. Ra1 Rb7 40.
Ree1 Rbb2 41. Rg1 Rxd5 42. h3 Rdb5 43. Kh2 R5b3 44. Kh1 Re2 45. Rac1 Kf6 46.
Rgf1 Rbb2 47. Rg1 Ke5 48. Kh2 h5 49. Kh1 Kd4 50. Kh2 Rec2 51. Ra1 Kc3 52. Rad1
Kb3 53. Ra1 Ka3 54. Rad1 Rb3 55. Kh1 Rcb2 56. Rgf1 Rb1 0-1

[Event "4NCL 3 South pool B"]
[Site "Daventry, ENG"]
[Date "2018.11.17"]
[Round "1.52"]
[White "Moyse, Nigel John"]
[Black "Byway, Paul V"]
[Result "1/2-1/2"]
[WhiteElo "2059"]
[BlackElo "2075"]
[PlyCount "38"]
[EventDate "2018.11.17"]

1. d4 Nf6 2. c4 e6 3. Nf3 d5 4. Nc3 Be7 5. Bf4 O-O 6. e3 b6 7. Be2 Bb7 8. O-O
Nbd7 9. h3 a6 10. Qb3 dxc4 11. Bxc4 b5 12. Be2 c5 13. Rfd1 cxd4 14. exd4 Nb6
15. Rac1 b4 16. Na4 Bd5 17. Qc2 Be4 18. Qb3 Bd5 19. Qc2 Be4 1/2-1/2

[Event "4NCL 3 South pool B"]
[Site "Daventry, ENG"]
[Date "2018.11.17"]
[Round "1.53"]
[White "Davison, Chris"]
[Black "Alizada, Eldar"]
[Result "1/2-1/2"]
[WhiteElo "2035"]
[BlackElo "1978"]
[PlyCount "75"]
[EventDate "2018.11.17"]

1. e4 e6 2. d4 d5 3. Nd2 dxe4 4. Nxe4 Nd7 5. Nf3 Ngf6 6. Bd3 Nxe4 7. Bxe4 Nf6
8. Bd3 Be7 9. O-O O-O 10. c4 b6 11. b3 Bb7 12. Bb2 c5 13. dxc5 Bxc5 14. Ne5 Qc7
15. Ng4 Nxg4 16. Qxg4 f5 17. Qg5 Rad8 18. Rad1 Bd4 19. Bxd4 Rxd4 20. Be2 Rfd8
21. Rxd4 Rxd4 22. Rd1 Rxd1+ 23. Bxd1 Qd6 24. Be2 Be4 25. Qe3 e5 26. Bf3 Qd3 27.
Qxd3 Bxd3 28. Bd5+ Kf8 29. b4 Ke7 30. f3 Kd6 31. Bg8 h6 32. Kf2 a5 33. Ke3 Bf1
34. Kf2 Bd3 35. Ke3 Bf1 36. Kf2 Bd3 37. Ke3 Bf1 38. Kf2 1/2-1/2

[Event "4NCL 3 South pool B"]
[Site "Daventry, ENG"]
[Date "2018.11.17"]
[Round "1.54"]
[White "Dickinson, Tim R"]
[Black "Clark, Kevin R"]
[Result "1/2-1/2"]
[WhiteElo "2052"]
[BlackElo "2104"]
[PlyCount "75"]
[EventDate "2018.11.17"]

1. d4 e6 2. e4 d5 3. Nd2 Nf6 4. Bd3 c5 5. c3 Nc6 6. e5 Nd7 7. Ne2 cxd4 8. cxd4
f6 9. exf6 Nxf6 10. Nf3 Bd6 11. O-O Qc7 12. Nc3 a6 13. Bg5 O-O 14. Rc1 Qf7 15.
Qd2 Qh5 16. Be2 h6 17. Bxf6 Rxf6 18. Ne5 Qh4 19. f4 Bxe5 20. dxe5 Rf7 21. Na4
Bd7 22. Nc5 Rb8 23. Bxa6 Nd8 24. Bd3 Bc6 25. Nb3 g5 26. g3 Qh5 27. Nd4 gxf4 28.
gxf4 Bd7 29. Rf2 Nc6 30. Be2 Qh4 31. Rc3 Rg7+ 32. Rg3 Rf8 33. Rfg2 Rxg3 34.
Rxg3+ Kh8 35. Rg4 Qh3 36. Rg3 Qh4 37. Rg4 Qh3 38. Rg3 1/2-1/2

[Event "4NCL 3 South pool B"]
[Site "Daventry, ENG"]
[Date "2018.11.17"]
[Round "1.55"]
[White "Kemp, Paul R"]
[Black "Cole, James"]
[Result "1/2-1/2"]
[WhiteElo "2032"]
[BlackElo "1990"]
[PlyCount "35"]
[EventDate "2018.11.17"]

1. e4 c6 2. d3 d5 3. Nd2 e5 4. Ngf3 Bd6 5. g3 Nf6 6. Bg2 O-O 7. O-O Nbd7 8. Re1
Re8 9. c3 Nc5 10. Qc2 Bc7 11. Nb3 dxe4 12. Nxc5 exf3 13. Bxf3 Bb6 14. Ne4 h6
15. Be3 Bf5 16. Bxb6 axb6 17. a3 Nxe4 18. dxe4 1/2-1/2

[Event "4NCL 3 South pool B"]
[Site "Daventry, ENG"]
[Date "2018.11.17"]
[Round "1.56"]
[White "Panicker, Raj"]
[Black "McCorry, Robert T"]
[Result "1-0"]
[WhiteElo "1937"]
[BlackElo "2006"]
[PlyCount "53"]
[EventDate "2018.11.17"]

1. c4 e5 2. g3 Nf6 3. Bg2 c6 4. a3 d5 5. cxd5 cxd5 6. d4 e4 7. Bg5 Be7 8. Nc3
h6 9. Bxf6 Bxf6 10. e3 Be6 11. Nge2 g5 12. O-O Qd7 13. f3 exf3 14. Bxf3 Bg7 15.
Qb3 Nc6 16. Bxd5 O-O-O 17. Bxe6 fxe6 18. Ne4 Rhe8 19. Nf6 Bxf6 20. Rxf6 h5 21.
Raf1 h4 22. Qb5 hxg3 23. Nxg3 Qd5 24. Qxd5 Rxd5 25. Ne4 b6 26. Rg6 Kd7 27. Nf6+
1-0

[Event "4NCL 3 South pool B"]
[Site "Daventry, ENG"]
[Date "2018.11.17"]
[Round "1.61"]
[White "Heaven, Pete"]
[Black "Farrand, Tom"]
[Result "1/2-1/2"]
[WhiteElo "2067"]
[BlackElo "2151"]
[PlyCount "32"]
[EventDate "2018.11.17"]

1. e4 c5 2. Nf3 e6 3. d4 cxd4 4. Nxd4 Nf6 5. Bd3 Nc6 6. Nxc6 dxc6 7. O-O e5 8.
Qe2 Bc5 9. Be3 Qb6 10. Bxc5 Qxc5 11. Nd2 Bg4 12. Qe1 Be6 13. Nb3 Qe7 14. Qe3
Nd7 15. Nd2 Qc5 16. Qxc5 Nxc5 1/2-1/2

[Event "4NCL 3 South pool B"]
[Site "Daventry, ENG"]
[Date "2018.11.17"]
[Round "1.62"]
[White "Frostick, Clive A"]
[Black "Brown, Thomas"]
[Result "0-1"]
[WhiteElo "2146"]
[BlackElo "2041"]
[PlyCount "70"]
[EventDate "2018.11.17"]

1. e4 c6 2. Nc3 d5 3. Nf3 dxe4 4. Nxe4 Nf6 5. Nxf6+ exf6 6. d4 Bd6 7. Bd3 O-O
8. O-O Re8 9. Be3 Nd7 10. Nd2 Nf8 11. Ne4 Bc7 12. Qf3 f5 13. Ng3 g6 14. Rad1
Qh4 15. Bc1 f4 16. Ne4 Kg7 17. g3 Bg4 18. Qg2 Qh5 19. f3 Bh3 20. Qf2 Bxf1 21.
Rxf1 Ne6 22. b3 f5 23. g4 fxg4 24. fxg4 Qxg4+ 25. Kh1 Ng5 26. Rg1 Qf3+ 27. Qxf3
Nxf3 28. Rf1 Nxd4 29. Nc5 b6 30. Na6 Be5 31. Bxf4 Bxf4 32. Rxf4 c5 33. c3 Re1+
34. Kg2 Ne6 35. Rf2 Rf8 0-1

[Event "4NCL 3 South pool B"]
[Site "Daventry, ENG"]
[Date "2018.11.17"]
[Round "1.63"]
[White "Trevelyan, John"]
[Black "Thompson, Ian D"]
[Result "0-1"]
[WhiteElo "2015"]
[BlackElo "2118"]
[PlyCount "156"]
[EventDate "2018.11.17"]

1. d4 d5 2. Nf3 Nf6 3. c4 e6 4. cxd5 exd5 5. Nc3 c6 6. Bg5 Be7 7. e3 Bf5 8. Bd3
Bxd3 9. Qxd3 Nbd7 10. O-O O-O 11. Rac1 Ne4 12. Bxe7 Qxe7 13. a3 a5 14. Nd2 f5
15. f3 Nxd2 16. Qxd2 Nb6 17. Rce1 Nc4 18. Qc1 b5 19. Nd1 a4 20. Nf2 b4 21. axb4
Qxb4 22. Nd3 Qe7 23. f4 Rfc8 24. Rf2 Rab8 25. Nc5 Rb4 26. g3 Qa7 27. Qc2 g6 28.
Qc3 Rcb8 29. Ree2 R8b6 30. g4 Qf7 31. g5 Qa7 32. h4 Nd6 33. h5 Rc4 34. Qd3 Rc1+
35. Rf1 Rxf1+ 36. Kxf1 gxh5 37. Rh2 Ne4 38. Nxe4 fxe4 39. Qe2 Qa6 40. Qxa6 Rxa6
41. Rxh5 Rb6 42. Rh2 Rb3 43. Re2 Kg7 44. Kf2 h6 45. gxh6+ Kxh6 46. Rc2 Kh5 47.
Re2 $11 47... Kg4 48. Kg2 Kf5 49. Kf2 Rb5 50. Rc2 Kg4 51. Kg2 Rb8 52. Re2 Rh8
53. Rf2 Rh3 54. Re2 Rg3+ 55. Kf2 Kh3 56. Kf1 Rf3+ 57. Kg1 Kg4 58. Kg2 Kf5 59.
Kg1 Ke6 60. Kg2 Kd6 61. Kg1 c5 62. dxc5+ Kxc5 63. Kg2 Kc4 64. Rf2 Rxe3 65. f5
Rb3 66. f6 Rb8 67. f7 Rf8 68. Kf1 Kd3 69. Ke1 e3 70. Rf6 d4 71. Rf4 Rc8 72. Kf1
e2+ 73. Kf2 Rf8 74. Ke1 Ke3 75. Rf6 d3 76. Re6+ Kd4 77. Kd2 Rxf7 78. Rd6+ Kc4
0-1

[Event "4NCL 3 South pool B"]
[Site "Daventry, ENG"]
[Date "2018.11.17"]
[Round "1.64"]
[White "Scrimgour, Alan"]
[Black "Ralphs, Nigel"]
[Result "1/2-1/2"]
[WhiteElo "2106"]
[BlackElo "1981"]
[PlyCount "36"]
[EventDate "2018.11.17"]

1. e4 c5 2. c3 Nf6 3. e5 Nd5 4. d4 cxd4 5. cxd4 Nc6 6. Nf3 d6 7. Bc4 Nb6 8. Bb5
dxe5 9. Nxe5 Bd7 10. Nxd7 Qxd7 11. Nc3 e6 12. O-O Be7 13. Qg4 O-O 14. Bxc6 bxc6
15. Bh6 Bf6 16. Rad1 Rfd8 17. Ne4 Qe7 18. Qg3 Rd5 1/2-1/2

[Event "4NCL 3 South pool B"]
[Site "Daventry, ENG"]
[Date "2018.11.17"]
[Round "1.65"]
[White "Hatchett, Paul"]
[Black "Frostick, Helen M"]
[Result "1/2-1/2"]
[WhiteElo "1974"]
[BlackElo "1993"]
[PlyCount "59"]
[EventDate "2018.11.17"]

1. d4 e6 2. g3 d5 3. Bg2 Nf6 4. Nf3 c5 5. O-O Nc6 6. c4 dxc4 7. Qa4 Qa5 8. Qxc4
Qb4 9. Qxb4 Nxb4 10. Nc3 Be7 11. Bg5 cxd4 12. Nxd4 Nfd5 13. Nxd5 Nxd5 14. Bxe7
Kxe7 15. Bxd5 exd5 16. Rac1 Rd8 17. Rc7+ Rd7 18. Rfc1 Kd8 19. R7c3 a6 20. b4
Re7 21. e3 Bd7 22. Rc5 Rc8 23. Kg2 Rxc5 24. Rxc5 Be6 25. Kf3 Rc7 26. Rxc7 26...
Kxc7 $11 27. Kf4 Kd6 28. h4 f6 29. g4 g6 30. a3 1/2-1/2

[Event "4NCL 3 South pool B"]
[Site "Daventry, ENG"]
[Date "2018.11.17"]
[Round "1.66"]
[White "Kalitsis, Nikolaos"]
[Black "Jones, Derek"]
[Result "0-1"]
[WhiteElo "2060"]
[BlackElo "1912"]
[PlyCount "79"]
[EventDate "2018.11.17"]

1. e4 c5 2. Nf3 d6 3. d4 cxd4 4. Nxd4 Nf6 5. Nc3 g6 6. Be3 Bg7 7. f3 O-O 8. Qd2
Nc6 9. g4 Nxd4 10. Bxd4 Be6 11. O-O-O Qa5 12. a3 Rfc8 13. h4 Rab8 14. h5 b5 15.
hxg6 hxg6 16. g5 Nh5 17. Bxg7 Kxg7 18. Qd4+ Kg8 19. Nd5 Bxd5 20. Qxd5 Rc5 21.
Qb3 Kg7 22. Rh4 b4 23. a4 Rxg5 24. f4 Rc5 25. f5 Rbc8 26. Rd2 Re5 27. Bc4 Qc5
28. Be2 Qg1+ 29. Bd1 Qg3 30. Qxg3 Nxg3 31. Rd4 a5 32. Rg4 Nh5 33. fxg6 fxg6 34.
Be2 Nf6 35. Rf4 Rec5 36. Rd2 g5 37. Rf5 Nxe4 38. Rxc5 Rxc5 39. Rd4 Nf6 40. Kd2
0-1

[Event "4NCL 3 South pool B"]
[Site "Daventry, ENG"]
[Date "2018.11.17"]
[Round "1.71"]
[White "Rogacewicz, Mikolaj"]
[Black "Briscoe, Chris"]
[Result "1/2-1/2"]
[WhiteElo "2125"]
[BlackElo "2223"]
[PlyCount "44"]
[EventDate "2018.11.17"]

1. d4 Nf6 2. c4 e6 3. g3 d5 4. Nf3 Be7 5. Bg2 O-O 6. O-O dxc4 7. Qc2 a6 8. a4
Nc6 9. Qxc4 Qe8 10. a5 b5 11. axb6 cxb6 12. Ne5 Nxe5 13. dxe5 Nd5 14. Nc3 b5
15. Qg4 Kh8 16. Nxd5 exd5 17. Qd4 Bb7 18. Bxd5 Qd7 19. e4 Rfd8 20. Rd1 Rac8 21.
Bf4 Rc2 22. Be3 Qg4 1/2-1/2

[Event "4NCL 3 South pool B"]
[Site "Daventry, ENG"]
[Date "2018.11.17"]
[Round "1.72"]
[White "Scott, David A"]
[Black "Forster, Matthew"]
[Result "1/2-1/2"]
[WhiteElo "2152"]
[BlackElo "2042"]
[PlyCount "125"]
[EventDate "2018.11.17"]

1. d4 d5 2. c4 dxc4 3. e3 Nf6 4. Bxc4 e6 5. Nf3 c5 6. O-O a6 7. dxc5 Qxd1 8.
Rxd1 Bxc5 9. Be2 Nc6 10. a3 Be7 11. b4 O-O 12. Bb2 Nd5 13. Nbd2 Nb6 14. Rac1
Rd8 15. Nb3 Bd7 16. Ne5 f6 17. Nxd7 Nxd7 18. Bf3 Kf7 19. Bxc6 bxc6 20. Na5 Nb6
21. Nxc6 Rxd1+ 22. Rxd1 Nc4 23. Rd7 Nxb2 24. Rxe7+ Kf8 25. Rxe6 Rc8 26. Kf1 Nc4
27. a4 Nb2 28. b5 Nxa4 29. bxa6 Nc5 30. Rd6 Nxa6 31. Rd8+ Rxd8 32. Nxd8 Ke7 33.
Nc6+ Kd6 34. Nd4 Ke5 35. Ke2 Nb4 36. Kd2 f5 37. Nf3+ Kd5 38. Kc3 Na2+ 39. Kb3
Nc1+ 40. Kc2 Na2 41. Ne1 Nb4+ 42. Kc3 Nc6 43. f3 g5 44. Nd3 Ne7 45. Nf2 Nc6 46.
e4+ Ke6 47. Nd3 h5 48. Kc4 Na5+ 49. Kb5 Nb3 50. Kb4 Nd2 51. Kc3 Nf1 52. h3 Ne3
53. g3 Nf1 54. g4 hxg4 55. hxg4 fxg4 56. fxg4 Nh2 57. Nf2 Ke5 58. Kd3 Kf4 59.
Kd4 Kf3 60. Ke5 Kxf2 61. Kf5 Nf3 62. e5 Nxe5 63. Kxg5 1/2-1/2